000 00442nam a2200145 4500
999 _c10772
_d10772
008 180919b ||||| |||| 00| 0 eng d
022 _a2094-8042
082 _aDPer 370.105 M72 Jan-Dec 2011 v59-60
100 _931381
_aFederico, Belen F.
245 _aMag-aaral/
_cBelen F. Federico.
260 _aPhilippines:
_bIn the Grade School, Inc.,
_cc2011.
300 _av60 n4, page 171;
_c27cm.
650 0 _931383
_aPoetry.
942 _2ddc
_cPER